Memoria sull' identitá del corpo del Patriarca S. Francesco rinvenuto in Assisi l'anno MDCCXVIII

Detalles Bibliográficos
Formato: Libro
Lenguaje:Undetermined
Italian
Publicado: Roma : presso Lino Contedini, 1822.
Edición:Seconda edizione
Materias:
Colección:Banco de datos
Acervo:Biblioteca Palafoxiana. Colección bibliográfica
Descripción Física:60, [1] p. ; 4°
Tema general:Hagiografía
Notas:Incluye un plano. Número de localización: 21645-B
LEADER 00627nam a2200181Ia 4500
008 150723s9999 xx 000 0 und d
041 0 |a ita 
050 0 |a PAFX BR1710 M4 1822 
245 1 0 |a Memoria sull' identitá del corpo del Patriarca S. Francesco rinvenuto in Assisi l'anno MDCCXVIII 
250 |a Seconda edizione 
260 |a Roma : presso Lino Contedini, 1822. 
300 |a 60, [1] p. ; 4° 
500 |a Incluye un plano. Número de localización: 21645-B 
501 |a Encuadernado con 1 obra 
650 1 0 |a Hagiografía 
942 |c PALALIB 
943 |g Biblioteca Palafoxiana. Colección bibliográfica 
999 |c 1051097  |d 1051097